| 000 | 00712nam a2200229 4500 | ||
|---|---|---|---|
| 003 | LK-CoMWRAF | ||
| 005 | 20231109152450.0 | ||
| 008 | 231109b1998 |||||||| |||| 00| 0 eng d | ||
| 020 | _a9555800332 | ||
| 040 |
_aLK-CoMWRAF _dLK-CoMWRAF _eLK-CoMWRAF |
||
| 041 | _aeng | ||
| 082 |
_a305.8 _bCUL |
||
| 245 | _aCulture and politics of identity in Sri Lanka | ||
| 260 |
_aColombo: _bInternational Centre for Ethnic Studies, _c1998 |
||
| 300 | _a xii, 186 p. ; 22 cm. | ||
| 650 | _aETHNOLOGY-Sri Lanka--Congresses | ||
| 650 | _aSri Lanka--Social life and customs | ||
| 650 | _a Sri Lanka--Politics and government- | ||
| 700 |
_a Tiruchelvam, Mithran _eed. |
||
| 700 |
_aDattathreya C. S. _eed. |
||
| 942 | _cBK | ||
| 999 |
_c4069 _d4069 |
||